000 01158cam a22002895a 4500
001 L159632
008 171130s2017 xxk f 001 0 eng d
020 _a978131510768
035 _a(Sirsi) u159632
041 0 _aeng
110 2 _aAECOM
245 0 0 _aSpon's civil engineering and highway works price book
_b2018
_h[electronic resource]
250 _a32nd ed
260 _aLondon
_bCRC Press
_bTaylor and Francis
_c2017
520 _aProvides costs for both general and civil engineering works and highway works, and shows a full breakdown of labour, plant and material elements. Contains prices revised up to May-June 2017
520 _aSupersedes 31ed (ISBN 9781498786126)
520 _aThis item is archived on VLEBooks. Please contact [email protected] if you would like this title reactivated. Note we do not have more recent editions of this title available digitally.
521 _aAdvanced
590 _aKA
650 2 4 _aHIGHWAYS
650 2 4 _aCIVIL ENGINEERING
651 4 _aUnited Kingdom
690 _aCost management
_96233
690 _aConstruction management
_96230
690 _aInfrastructure
_96246
942 _n0
_2ddc
999 _c116063
_d116063